Filosofía, cultura y vida
Saved in:
| Hovedforfatter: | |
|---|---|
| Format: | Bog |
| Sprog: | spansk |
| Udgivet: |
Buenos Aires
Sudamericana
1951
|
| Udgivelse: | 2a. ed |
| Fag: | |
| Tags: |
Tilføj Tag
Ingen Tags, Vær først til at tagge denne postø!
|
MARC
| LEADER | 00000nam a2200000 a 4500 | ||
|---|---|---|---|
| 001 | UCH6049 | ||
| 003 | CL-VaPUC | ||
| 008 | 091109e19510000AG |||||||||||||||||spa|d | ||
| 082 | 0 | 4 | |a 100 |b DUR |2 21 |
| 100 | 0 | |a Durant, Will |e author |9 542431 | |
| 245 | 1 | 0 | |a Filosofía, cultura y vida |
| 250 | |a 2a. ed | ||
| 300 | |a 705 p | ||
| 942 | |c BK | ||
| 945 | |d 20091109 00:00:00 |a ccalabra | ||
| 260 | |a Buenos Aires |b Sudamericana |c 1951 | ||
| 650 | 0 | |a Filosofía |9 223554 | |
| 650 | 0 | |a Filosofía social |9 268191 | |
| 650 | 0 | |a Metafísica |9 265649 | |
| 650 | 0 | |a Lógica |9 256849 | |
| 650 | 0 | |a Epistemología |9 264994 | |
| 650 | 0 | |a Historia de la filosofía |9 256920 | |
| 650 | 7 | |a FILOSOFIA POLITICA |2 CL-VaPUC |9 542432 | |
| 650 | 0 | |a Política |9 255312 | |
| 583 | |a last modification |c 20091109 00:00:00 |k Rodrigo Vera | ||
| 999 | |c 337018 |d 337016 | ||